| 000 | 00402 a2200157 4500 | ||
|---|---|---|---|
| 020 | _a9788120337152 | ||
| 022 | _a9788120337152 | ||
| 082 | _a338.5 | ||
| 090 |
_c3197 _d3197 |
||
| 100 | _achauhan,S.P.S. | ||
| 245 |
_aMicroeconomics _bTheory and Applications(part-II) _cS.P.S.Chauhan |
||
| 260 |
_aNew Delhi _bPHI Learning _c2009 |
||
| 300 | _a284p | ||
| 500 | _aPaper cover | ||
| 942 |
_cBK _k338.5 CHA |
||
| 999 |
_c3718 _d3718 |
||